000 00607nam a2200241Ia 4500
005 20250425161524.0
008 250425s9999 xx 000 0 und d
020 _a8432966177
041 _aspa
082 _a621.3819598
100 _aPENFOLD, R. A.
245 0 _aPROYECTOS CON DISPOSITIVOS OPTICOS
250 _a1A ED.
260 _aBARCELONA
260 _aEspaƱa
_bCEAC
_c1988
300 _a125
650 _aDETECCION POR RAYOS INFRARROJOS
650 _aDIODOS EMISORES DE LUZ
650 _aDISPOSITIVOS OPTOELECTRONICOS
650 _aFIBRAS OPTICAS
942 _c01
010 _a22183
999 _c210881
_d210881